[Event "Andorra open"]
[Site "Escaldes"]
[Date "2018.07.27"]
[Round "7.6"]
[White "Demuth, Adrien"]
[Black "Aloma Vidal, Robert"]
[Result "1-0"]
[WhiteElo "2524"]
[BlackElo "2433"]
[PlyCount "107"]
[EventDate "2018.07.21"]
[EventType "swiss"]
[EventCountry "AND"]

1. d4 d5 2. Bf4 Nf6 3. e3 c5 4. Nc3 a6 5. dxc5 Nc6 6. a3 h6 7. Nf3 Bg4 8. h3
Bxf3 9. Qxf3 e5 10. Bg3 Bxc5 11. O-O-O e4 12. Qf4 Qa5 13. Bh4 O-O-O 14. Be2 h5
15. Bxf6 gxf6 16. Qf5+ Kb8 17. Rxd5 Rxd5 18. Qxd5 f5 19. Rd1 h4 20. Kb1 Bb6 21.
Qxf7 Qe5 22. Rd7 Nd8 23. Qd5 Bc7 24. Qxe5 Bxe5 25. Rd5 Nc6 26. Na4 Kc7 27. Nc5
Rh7 28. f4 exf3 29. Bxf3 Re7 30. Nd3 Bd6 31. Rxf5 Rxe3 32. Rh5 Be7 33. Bxc6
Kxc6 34. Ne5+ Kc7 35. Nf3 Re4 36. Kc1 Bf6 37. Rf5 Re6 38. c3 Be7 39. Re5 Rxe5
40. Nxe5 Kd6 41. Nf3 Kd5 42. Kd2 Ke4 43. Ke2 a5 44. a4 b6 45. Nd2+ Kf4 46. Nf1
Bc5 47. Kd3 Bf2 48. b4 Ke5 49. Ke2 Bg1 50. Nd2 axb4 51. Nf3+ Kf4 52. Nxg1 bxc3
53. Nf3 Kg3 54. Nxh4 1-0

[Event "Andorra open"]
[Site "Escaldes"]
[Date "2018.07.27"]
[Round "7.7"]
[White "Arizmendi Martinez, Julen Luis"]
[Black "Beshukov, Sergei"]
[Result "1-0"]
[WhiteElo "2507"]
[BlackElo "2417"]
[PlyCount "93"]
[EventDate "2018.07.21"]
[EventType "swiss"]
[EventCountry "AND"]

1. e4 c5 2. Nf3 e6 3. d4 cxd4 4. Nxd4 a6 5. Bd3 Nf6 6. O-O Qc7 7. Qe2 d6 8. c4
g6 9. Nc3 Bg7 10. Nf3 Nbd7 11. Rd1 O-O 12. h3 b6 13. Bf4 Bb7 14. Rac1 Rfc8 15.
b4 Nh5 16. Bd2 Rab8 17. a3 Ra8 18. Be3 Nhf6 19. Qd2 Ne8 20. Bf4 Rd8 21. Bh6 Ne5
22. Be2 Nxc4 23. Bxc4 Qxc4 24. Bxg7 Kxg7 25. Qe3 Rab8 26. Nd5 Qb5 27. Nd4 Qd7
28. Nxb6 Qe7 29. Nc6 Bxc6 30. Rxc6 Qb7 31. Rdc1 Nf6 32. e5 dxe5 33. Qxe5 Qa7
34. Nc8 Qb7 35. Nd6 Qe7 36. Nc8 Qb7 37. Nd6 Qe7 38. Rxa6 Kg8 39. Rac6 Nd5 40.
Ne4 Ra8 41. R6c5 f6 42. Qg3 g5 43. Qf3 Nf4 44. Rc7 Qf8 45. g3 Nd5 46. Qh5 Ne7
47. R1c6 1-0

[Event "Andorra open"]
[Site "Escaldes"]
[Date "2018.07.27"]
[Round "7.8"]
[White "Ruiz Castillo, Joshua Daniel"]
[Black "Nayhebaver, Martin"]
[Result "1-0"]
[WhiteElo "2410"]
[BlackElo "2478"]
[PlyCount "153"]
[EventDate "2018.07.21"]
[EventType "swiss"]
[EventCountry "AND"]

1. e4 c5 2. Nf3 d6 3. d4 cxd4 4. Qxd4 a6 5. c4 Nc6 6. Qe3 g6 7. Be2 Bg7 8. O-O
Nf6 9. h3 O-O 10. Nc3 Nd7 11. Rd1 Nc5 12. Bd2 a5 13. Rab1 Bd7 14. b3 f5 15.
exf5 gxf5 16. Qg5 Qe8 17. Qh4 Qg6 18. Nd5 e5 19. Nh2 f4 20. Bh5 Qc2 21. Bc3 Kh8
22. Rb2 Qf5 23. Nb6 Bf6 24. Qg4 Qxg4 25. Nxg4 Bxg4 26. Bxg4 Rad8 27. f3 Bg7 28.
a3 e4 29. Bxg7+ Kxg7 30. fxe4 Nxe4 31. Bf3 Ng5 32. h4 Nxf3+ 33. gxf3 Rf6 34.
Rg2+ Kf7 35. Kf2 Rg8 36. Rxg8 Kxg8 37. Nd5 Rf7 38. Nc3 Rf6 39. Ne4 Rh6 40. Rxd6
Rxh4 41. Kg2 Kf8 42. Rd7 a4 43. Rxb7 axb3 44. Rxb3 Ne5 45. c5 Rh6 46. Nd6 Rg6+
47. Kf2 Ke7 48. a4 Kd7 49. a5 Rg8 50. Ne4 Ra8 51. Rb7+ Kc6 52. Rb6+ Kc7 53. Re6
Nd3+ 54. Ke2 Nb4 55. Rb6 Nd5 56. Rh6 Rxa5 57. Kd3 Ra4 58. Rxh7+ Kc6 59. Rh6+
Kb5 60. Rd6 Nb4+ 61. Kd4 Nc6+ 62. Kd5 Ra3 63. Ng5 Rd3+ 64. Ke4 Rc3 65. Ne6 Rc4+
66. Nd4+ Nxd4 67. Rxd4 Rc3 68. Rd5 Kc6 69. Rd8 Rc4+ 70. Ke5 Ra4 71. Rc8+ Kd7
72. Rf8 Kc6 73. Rxf4 Ra3 74. Rf8 Kxc5 75. Rc8+ Kb4 76. f4 Ra5+ 77. Ke4 1-0

[Event "Andorra open"]
[Site "Escaldes"]
[Date "2018.07.27"]
[Round "7.9"]
[White "Pena Gomez, Manuel"]
[Black "Ruperez Benito, Antonio"]
[Result "1-0"]
[WhiteElo "2475"]
[BlackElo "2329"]
[PlyCount "67"]
[EventDate "2018.07.21"]
[EventType "swiss"]
[EventCountry "AND"]

1. g3 d5 2. Bg2 e6 3. Nf3 Nf6 4. O-O c5 5. c4 d4 6. d3 Nc6 7. e3 Be7 8. exd4
cxd4 9. Na3 O-O 10. Nc2 a5 11. a3 a4 12. Nb4 Bd7 13. Bd2 Qb6 14. Qe1 Rfe8 15.
Nxc6 Bxc6 16. Bb4 Nd7 17. Bxe7 Rxe7 18. Qb4 Ree8 19. Rfe1 Qc7 20. Nxd4 Bxg2 21.
Kxg2 Nc5 22. Rad1 Rad8 23. Qc3 Qd7 24. Re5 b6 25. Nf3 Nxd3 26. Rg5 g6 27. Kg1
f6 28. Rb5 e5 29. Rd5 Nf4 30. Rxd7 Rxd7 31. Rxd7 Ne2+ 32. Kf1 Nxc3 33. bxc3 Rc8
34. Nd2 1-0

[Event "Andorra open"]
[Site "Escaldes"]
[Date "2018.07.27"]
[Round "7.10"]
[White "Jerez Perez, Alfonso"]
[Black "Sole Pijuan, Ferran"]
[Result "1-0"]
[WhiteElo "2423"]
[BlackElo "2306"]
[PlyCount "75"]
[EventDate "2018.07.21"]
[EventType "swiss"]
[EventCountry "AND"]

1. e4 e5 2. Bc4 Nc6 3. Nc3 Nf6 4. d3 Bc5 5. f4 d6 6. f5 h6 7. Nf3 a6 8. a3 Ba7
9. Qe2 Qe7 10. Nd5 Nxd5 11. Bxd5 Nd4 12. Nxd4 Bxd4 13. c3 Bb6 14. Bd2 c6 15.
Bb3 Bd7 16. O-O-O O-O-O 17. g4 f6 18. h4 Be8 19. g5 Bf7 20. Bxf7 Qxf7 21. Be3
Bxe3+ 22. Qxe3 Rdg8 23. Rdg1 Qf8 24. gxf6 gxf6 25. Rg6 Rxg6 26. fxg6 h5 27. Rg1
Qg7 28. Kc2 Kc7 29. Qf3 Rh6 30. Qf5 Kb6 31. Rg3 Kc7 32. a4 a5 33. d4 Kd8 34.
dxe5 fxe5 35. Qe6 Kc7 36. Rg5 d5 37. Qf7+ Qxf7 38. gxf7 1-0

[Event "Andorra open"]
[Site "Escaldes"]
[Date "2018.07.27"]
[Round "7.11"]
[White "Smith, Axel"]
[Black "Morros Faura, Ricard"]
[Result "1-0"]
[WhiteElo "2491"]
[BlackElo "2227"]
[PlyCount "133"]
[EventDate "2018.07.21"]
[EventType "swiss"]
[EventCountry "AND"]

1. c4 c6 2. e4 e5 3. Nf3 Qa5 4. Nc3 Bb4 5. Be2 Nf6 6. Qc2 O-O 7. O-O Re8 8. a3
Bxc3 9. dxc3 d6 10. Bg5 Nbd7 11. Nh4 h6 12. Be3 Qc7 13. Rad1 Nf8 14. Nf5 Bxf5
15. exf5 d5 16. f3 N8h7 17. Rd2 e4 18. Rd4 exf3 19. Rxf3 Ng5 20. Bxg5 hxg5 21.
cxd5 cxd5 22. Rf1 Re3 23. Bf3 Qe5 24. Qd1 Re8 25. Bxd5 Re2 26. Bxb7 Qe3+ 27.
Kh1 Rxb2 28. Rd3 Qe5 29. Bf3 g4 30. Bc6 Rc8 31. Rd8+ Rxd8 32. Qxd8+ Kh7 33. Qd4
Qe2 34. Rg1 Rd2 35. Qxa7 g3 36. Qxf7 gxh2 37. Qg6+ Kh8 38. Kxh2 Qc4 39. Qg5 Nh7
40. Qe3 Re2 41. Bd5 Rxe3 42. Bxc4 Rxc3 43. Rb1 Nf6 44. Bb3 Ng4+ 45. Kg1 Kh7 46.
a4 Rc5 47. Be6 Kh6 48. Bd7 Kg5 49. Bb5 Ne3 50. Kf2 Nxf5 51. Kf3 Rc2 52. Bd3
Nh4+ 53. Ke4 Rxg2 54. Ra1 Rg4+ 55. Kd5 Ng2 56. Kc5 Nf4 57. Bc4 Rh4 58. a5 Rh8
59. a6 Rc8+ 60. Kb5 Rb8+ 61. Ka5 Kf6 62. a7 Rc8 63. Kb6 g5 64. a8=Q Rxa8 65.
Rxa8 g4 66. Rg8 Ng6 67. Bd3 1-0

[Event "Andorra open"]
[Site "Escaldes"]
[Date "2018.07.27"]
[Round "7.12"]
[White "Zalkind, Konstantin"]
[Black "Loiseau, Quentin"]
[Result "0-1"]
[WhiteElo "2185"]
[BlackElo "2402"]
[PlyCount "76"]
[EventDate "2018.07.21"]
[EventType "swiss"]
[EventCountry "AND"]

1. d4 Nf6 2. c4 e6 3. a3 d5 4. e3 Be7 5. Nf3 O-O 6. c5 a5 7. Nc3 b6 8. cxb6 c5
9. dxc5 Bxc5 10. Na4 Nbd7 11. Be2 Bd6 12. O-O Nxb6 13. Nc3 Bb8 14. b3 Ng4 15.
Bb2 e5 16. e4 d4 17. Nb5 Bb7 18. Nd2 Nf6 19. Bd3 Nbd7 20. Rc1 a4 21. bxa4 Nb6
22. Qb3 Nxa4 23. Ba1 Qe7 24. Qb4 Qxb4 25. axb4 Ba6 26. Rfe1 Nd7 27. Nb3 Bd6 28.
Nxd6 Bxd3 29. Nc5 Ndxc5 30. bxc5 Rfd8 31. Nf5 Ra7 32. f3 Rc7 33. Red1 Rxc5 34.
Rxc5 Nxc5 35. Ne7+ Kf8 36. Nc6 Bc2 37. Nxd8 Bxd1 38. Kf2 Ba4 0-1

[Event "Andorra open"]
[Site "Escaldes"]
[Date "2018.07.27"]
[Round "7.13"]
[White "Berkovich, Mark A"]
[Black "Fernandez De Bobadilla, Gabriel"]
[Result "1-0"]
[WhiteElo "2344"]
[BlackElo "2175"]
[PlyCount "105"]
[EventDate "2018.07.21"]
[EventType "swiss"]
[EventCountry "AND"]

1. c4 Nf6 2. Nc3 e6 3. e4 c5 4. e5 Ng8 5. Nf3 Nc6 6. d4 cxd4 7. Nxd4 Nxe5 8.
Ndb5 a6 9. Nd6+ Bxd6 10. Qxd6 f6 11. Be3 Ne7 12. Bb6 Nf5 13. Qb4 Qe7 14. Qxe7+
Kxe7 15. f4 Ng4 16. Bd3 Ngh6 17. g4 Nh4 18. Kf2 d6 19. Kg3 Ng6 20. h4 Nxf4 21.
Kxf4 e5+ 22. Kg3 Bxg4 23. Nd5+ Kf7 24. Rhf1 Bd7 25. Be3 Ng4 26. Bd2 Rae8 27.
Bb4 e4 28. Be2 Nh6 29. Ne3 g6 30. Bxd6 Nf5+ 31. Nxf5 Bxf5 32. c5 Be6 33. Be5
Bf5 34. Bc3 Rc8 35. b4 a5 36. Bc4+ Kg7 37. a3 Rhe8 38. Rad1 axb4 39. axb4 Ra8
40. Ra1 h5 41. Rxa8 Rxa8 42. Ra1 Rd8 43. Ra7 Rd7 44. Bb5 Rf7 45. Kf4 Kh6 46.
Bc4 Rf8 47. Rxb7 e3 48. Kxe3 g5 49. hxg5+ Kxg5 50. Rg7+ Bg6 51. Kf3 f5 52. c6
h4 53. c7 1-0

[Event "Andorra open"]
[Site "Escaldes"]
[Date "2018.07.27"]
[Round "7.14"]
[White "Ferrante, Marco"]
[Black "Alboredo, Julia"]
[Result "0-1"]
[WhiteElo "2290"]
[BlackElo "2163"]
[PlyCount "138"]
[EventDate "2018.07.21"]
[EventType "swiss"]
[EventCountry "AND"]

1. e4 c5 2. Nf3 d6 3. Bb5+ Nd7 4. d4 cxd4 5. Qxd4 a6 6. Bxd7+ Bxd7 7. Nc3 e5 8.
Qd3 Rc8 9. O-O h6 10. Rd1 Nf6 11. Nd2 Bg4 12. f3 Be6 13. Nf1 Qc7 14. Ne3 Be7
15. Bd2 O-O 16. Kh1 Bc4 17. Nxc4 Qxc4 18. Be1 b5 19. b4 Qxd3 20. Rxd3 Rc4 21.
a3 Rfc8 22. Ra2 Kf8 23. Kg1 g5 24. h3 Nh5 25. g3 Nxg3 26. Bxg3 Rxc3 27. a4 Rxd3
28. cxd3 Rc1+ 29. Kg2 Rb1 30. axb5 axb5 31. Ra8+ Kg7 32. Ra7 Kf6 33. d4 exd4
34. Kf2 Rxb4 35. f4 Rb2+ 36. Kf3 d3 37. Bf2 Rb4 38. e5+ Kg7 39. Ke3 dxe5 40.
Rxe7 exf4+ 41. Kxd3 Rb3+ 42. Ke4 Kg6 43. Rb7 Rxh3 44. Rb6+ Kh5 45. Kf5 Rd3 46.
Rxb5 Rd2 47. Rb1 Rd5+ 48. Ke4 Ra5 49. Bb6 f5+ 50. Kd4 Ra4+ 51. Ke5 Kg6 52. Bd4
Ra5+ 53. Ke6 g4 54. Be5 Ra6+ 55. Ke7 Kg5 56. Rb8 f3 57. Rg8+ Rg6 58. Rb8 f2 59.
Rb1 f4 60. Rb5 Kh4 61. Rb1 g3 62. Kf7 Ra6 63. Bd4 Ra4 64. Bb6 Re4 65. Rf1 Kg4
66. Bxf2 gxf2 67. Rxf2 Kg3 68. Rb2 f3 69. Kg6 f2 0-1

[Event "Andorra open"]
[Site "Escaldes"]
[Date "2018.07.27"]
[Round "7.15"]
[White "Martinez Lopez, Ivan"]
[Black "Blom, Vincent"]
[Result "1/2-1/2"]
[WhiteElo "2195"]
[BlackElo "2269"]
[PlyCount "78"]
[EventDate "2018.07.21"]
[EventType "swiss"]
[EventCountry "AND"]

1. Nf3 d5 2. c4 e6 3. g3 Nf6 4. Bg2 Be7 5. O-O O-O 6. d4 c6 7. Bg5 dxc4 8. a4
h6 9. Bxf6 Bxf6 10. Qc2 Nd7 11. Rd1 Qe7 12. Na3 e5 13. dxe5 Nxe5 14. Nxe5 Qxe5
15. Nxc4 Qc5 16. Rdc1 Re8 17. Rab1 Qb4 18. e4 Be6 19. e5 Be7 20. b3 Red8 21.
Rd1 Rac8 22. Rxd8+ Rxd8 23. Bf3 g6 24. Be4 Kg7 25. Rc1 Qc5 26. Bf3 b5 27. axb5
cxb5 28. Na5 Qxc2 29. Rxc2 Rd3 30. Be2 Rd5 31. Nc6 Rc5 32. Rxc5 Bxc5 33. b4 Bd5
34. Bxb5 Bxc6 35. Bxc6 Bxb4 36. Bd5 g5 37. Kg2 a5 38. Bb3 Bd2 39. h3 Bc1
1/2-1/2

[Event "Andorra open"]
[Site "Escaldes"]
[Date "2018.07.27"]
[Round "7.16"]
[White "Saada, Julien"]
[Black "El Mchaouri Mas, Younes"]
[Result "1-0"]
[WhiteElo "2266"]
[BlackElo "2120"]
[PlyCount "99"]
[EventDate "2018.07.21"]
[EventType "swiss"]
[EventCountry "AND"]

1. d4 Nf6 2. Bg5 Ne4 3. Bf4 c5 4. f3 Qa5+ 5. c3 Nf6 6. d5 Qb6 7. Bc1 g6 8. e4
d6 9. c4 Bg7 10. Nc3 O-O 11. Bd3 e6 12. Nge2 exd5 13. exd5 Na6 14. O-O Qd8 15.
Bg5 h6 16. Be3 Re8 17. Qd2 Kh7 18. Rae1 Nc7 19. g4 Nd7 20. b3 Ne5 21. Bb1 Bd7
22. h3 Qh4 23. Kg2 b5 24. Ne4 bxc4 25. Nxd6 Rf8 26. Ng3 c3 27. Qd1 Qd8 28. Nb7
Qh4 29. Nxc5 Bb5 30. Rf2 Rad8 31. d6 Ne8 32. Nce4 Bc6 33. Bc5 Nf6 34. Nxf6+
Qxf6 35. Be4 Bxe4 36. Nxe4 Qh4 37. Rc2 Rd7 38. f4 Nc6 39. Ng3 Qd8 40. Qd5 Qc8
41. f5 a5 42. a3 Qa8 43. Ne4 Nd4 44. Qxa8 Nxc2 45. Qc6 Nxe1+ 46. Kf1 c2 47. Be3
Rdd8 48. d7 Nd3 49. f6 Bh8 50. g5 1-0

[Event "Andorra open"]
[Site "Escaldes"]
[Date "2018.07.27"]
[Round "7.17"]
[White "Palacios Herrero, Pablo"]
[Black "Shen, Christopher"]
[Result "0-1"]
[WhiteElo "2183"]
[BlackElo "2266"]
[PlyCount "86"]
[EventDate "2018.07.21"]
[EventType "swiss"]
[EventCountry "AND"]

1. e4 e6 2. d4 d5 3. e5 c5 4. c3 Nc6 5. Nf3 Bd7 6. Be2 Qb6 7. dxc5 Bxc5 8. O-O
Qc7 9. Bf4 Nge7 10. c4 f5 11. h4 dxc4 12. Bxc4 Na5 13. Bd3 Nd5 14. Bh2 O-O 15.
a3 Nc6 16. Nbd2 Be8 17. Rc1 Qe7 18. b4 Bb6 19. Nb3 Bh5 20. Rc4 Rad8 21. Qe2 h6
22. Bb1 a6 23. Re1 g5 24. g3 Bxf3 25. Qxf3 g4 26. Qe2 Bc7 27. Nd4 Nc3 28. Qe3
Nxd4 29. Qxc3 Nf3+ 30. Kh1 Bxe5 31. Rxe5 Nxe5 32. Rc7 Rd7 33. Rxd7 Nxd7 34. f3
Qf6 35. Qb3 Ne5 36. f4 Nf3 37. Bg1 Nxg1 38. Kxg1 Rd8 39. Bd3 Qd4+ 40. Kh2 Qe3
41. Qc4 Rxd3 42. Qc8+ Kg7 43. Qc7+ Kf6 0-1

[Event "Andorra open"]
[Site "Escaldes"]
[Date "2018.07.27"]
[Round "7.18"]
[White "Benmesbah, Natacha"]
[Black "Llaneza Vega, Patricia"]
[Result "0-1"]
[WhiteElo "2255"]
[BlackElo "2099"]
[PlyCount "132"]
[EventDate "2018.07.21"]
[EventType "swiss"]
[EventCountry "AND"]

1. e4 c5 2. Nf3 Nc6 3. Bb5 g6 4. O-O Bg7 5. Re1 Nf6 6. e5 Nd5 7. Nc3 Nc7 8.
Bxc6 dxc6 9. Ne4 Ne6 10. d3 O-O 11. Be3 b6 12. Qd2 Nd4 13. Nxd4 cxd4 14. Bh6
Qd5 15. Bxg7 Kxg7 16. Qf4 h6 17. h4 c5 18. b3 Qe6 19. Re2 Qg4 20. Qxg4 Bxg4 21.
f3 Be6 22. a4 Rfc8 23. Kf2 Bd5 24. g4 Bxe4 25. Rxe4 g5 26. Kg3 Rc6 27. Rh1 Rh8
28. hxg5 hxg5 29. Rh5 Rch6 30. Rxg5+ Kf8 31. Kf4 e6 32. Re1 Rh2 33. Rc1 R8h3
34. Rh5 Rxh5 35. gxh5 Rxh5 36. c3 dxc3 37. Rxc3 Rh4+ 38. Kg5 Rd4 39. f4 a5 40.
Kg4 Kg7 41. Kf3 Kg6 42. Ke3 Kf5 43. Rc4 Kg4 44. Rc1 Rxf4 45. Rh1 Kg5 46. Rh7
Kg6 47. Rh1 Rb4 48. Rg1+ Kf5 49. Rf1+ Kxe5 50. Rxf7 Rxb3 51. Kd2 Rb4 52. Rb7
Kd6 53. Kc3 Kc6 54. Re7 Rxa4 55. Rxe6+ Kb5 56. Rd6 Rb4 57. Rd8 a4 58. Ra8 Rb3+
59. Kc2 Kb4 60. Rh8 Ka3 61. Rh4 Rb2+ 62. Kc1 b5 63. Rh5 b4 64. Rxc5 Rh2 65. d4
b3 66. Rb5 Ka2 0-1

[Event "Andorra open"]
[Site "Escaldes"]
[Date "2018.07.27"]
[Round "7.19"]
[White "Castellanos Bogalo, Antonio"]
[Black "Serra Pages, Jordi"]
[Result "0-1"]
[WhiteElo "1943"]
[BlackElo "2251"]
[PlyCount "96"]
[EventDate "2018.07.21"]
[EventType "swiss"]
[EventCountry "AND"]

1. e4 e5 2. Nf3 Nc6 3. Nc3 Nf6 4. d4 exd4 5. Nd5 Be7 6. Bc4 d6 7. Nxd4 Nxe4 8.
O-O Be6 9. Re1 Nxd4 10. Qxd4 Nf6 11. Nxe7 Kxe7 12. Bg5 Kd7 13. Rad1 a6 14. Re3
Re8 15. Rde1 h6 16. Bh4 g5 17. Bg3 Nh5 18. Bd5 Nxg3 19. hxg3 c6 20. Bxe6+ Rxe6
21. Rxe6 fxe6 22. Qg7+ Qe7 23. Qxh6 Rf8 24. Re2 Rf5 25. c4 b5 26. b3 Rc5 27.
Re4 d5 28. Re5 dxc4 29. Rxc5 Qxc5 30. Qg7+ Kc8 31. bxc4 Qxc4 32. Qxg5 Qxa2 33.
Qc5 Qb1+ 34. Kh2 Qh7+ 35. Kg1 Qb1+ 36. Kh2 Qh7+ 37. Kg1 Kb7 38. g4 a5 39. g5 a4
40. Qe5 a3 41. Qxe6 Qb1+ 42. Kh2 a2 43. Qd7+ Kb6 44. Qd8+ Kc5 45. Qe7+ Kc4 46.
Qe6+ Kb4 47. Qe7+ c5 48. g6 a1=Q 0-1

[Event "Andorra open"]
[Site "Escaldes"]
[Date "2018.07.27"]
[Round "7.20"]
[White "Shabalov, Alexander"]
[Black "Gomez Barrera, Javiera Belen"]
[Result "1-0"]
[WhiteElo "2567"]
[BlackElo "2063"]
[PlyCount "71"]
[EventDate "2018.07.21"]
[EventType "swiss"]
[EventCountry "AND"]

1. d4 Nf6 2. Bf4 g6 3. Nf3 Bg7 4. e3 d6 5. h3 O-O 6. Be2 b6 7. O-O c5 8. a4 a6
9. c3 Bb7 10. Nbd2 Nbd7 11. Bh2 Ne4 12. Nxe4 Bxe4 13. Qb3 Nf6 14. Rfd1 Qc7 15.
Qa3 Rfc8 16. Nd2 Bb7 17. Bd3 Nd7 18. Be2 b5 19. Qb3 Bc6 20. axb5 axb5 21. Rxa8
Rxa8 22. d5 c4 23. Nxc4 Nc5 24. Qc2 Bxd5 25. Rxd5 bxc4 26. Bxc4 Na4 27. Bf1 Qb6
28. Rb5 Qc7 29. Qe4 Ra7 30. Qb4 h6 31. Bg3 Nc5 32. Kh2 Kh7 33. Qc4 Ra1 34. Be2
Re1 35. f3 Rb1 36. Qxf7 1-0

[Event "Andorra open"]
[Site "Escaldes"]
[Date "2018.07.27"]
[Round "7.21"]
[White "Cuadras Avellana, Jordi"]
[Black "Baquedano Coarasa, Pablo"]
[Result "1-0"]
[WhiteElo "2240"]
[BlackElo "2055"]
[PlyCount "61"]
[EventDate "2018.07.21"]
[EventType "swiss"]
[EventCountry "AND"]

1. c4 e5 2. Nc3 Nc6 3. Nf3 f5 4. d4 e4 5. d5 exf3 6. dxc6 fxg2 7. cxd7+ Qxd7 8.
Bxg2 Qxd1+ 9. Kxd1 c6 10. Kc2 Be6 11. b3 Bc5 12. Bb2 Nf6 13. e3 Kf7 14. Rae1 f4
15. Nd1 Rhe8 16. e4 g5 17. f3 b5 18. h4 g4 19. fxg4 Bxg4 20. Rhf1 Nh5 21. Nf2
Bxf2 22. Rxf2 bxc4 23. bxc4 Ke6 24. c5 Rab8 25. e5 Rb5 26. Bd4 Ra5 27. Bxc6 Rd8
28. Kc3 Ng3 29. Kc4 Nf5 30. Rxf4 Bh3 31. a4 1-0

[Event "Andorra open"]
[Site "Escaldes"]
[Date "2018.07.27"]
[Round "7.22"]
[White "Guennoun, Anthony"]
[Black "Vidal, Llewellyn"]
[Result "0-1"]
[WhiteElo "2115"]
[BlackElo "2221"]
[PlyCount "66"]
[EventDate "2018.07.21"]
[EventType "swiss"]
[EventCountry "AND"]

1. e4 c5 2. Nf3 Nc6 3. Nc3 g6 4. d4 cxd4 5. Nxd4 Bg7 6. Be3 Nf6 7. Bc4 O-O 8.
Bb3 d6 9. f3 Bd7 10. Qd2 Rc8 11. O-O-O Ne5 12. Bh6 Bxh6 13. Qxh6 Rxc3 14. bxc3
a5 15. a4 Qc7 16. Qe3 Qc5 17. Rhe1 Bxa4 18. Kd2 Bd7 19. Ne2 Qc7 20. Nf4 Rc8 21.
Nd5 Nxd5 22. exd5 a4 23. Ba2 Bb5 24. Qd4 Nc4+ 25. Bxc4 Bxc4 26. h4 Qd7 27. g4
Rc5 28. Kc1 a3 29. Qf4 Qb5 30. Rd4 Qb2+ 31. Kd2 Bxd5 32. c4 Qb4+ 33. Kd1 a2 0-1

[Event "Andorra open"]
[Site "Escaldes"]
[Date "2018.07.27"]
[Round "7.23"]
[White "Picart, Laurent"]
[Black "Pham Guerrero, Sergi"]
[Result "1-0"]
[WhiteElo "2066"]
[BlackElo "2208"]
[PlyCount "81"]
[EventDate "2018.07.21"]
[EventType "swiss"]
[EventCountry "AND"]

1. d4 Nf6 2. Bg5 Ne4 3. Bf4 d5 4. e3 e6 5. Bd3 f5 6. Ne2 Bd6 7. c4 c6 8. Nbc3
O-O 9. Qc2 Na6 10. a3 g5 11. Bxd6 Qxd6 12. h4 g4 13. g3 Rb8 14. O-O Nf6 15.
cxd5 cxd5 16. b4 Bd7 17. Nf4 Rfc8 18. Qb3 Nc7 19. Rfc1 Na8 20. Nce2 Nb6 21. Rc5
Ba4 22. Qa2 a6 23. Rac1 Nfd7 24. Qb1 Bc6 25. Bxf5 exf5 26. Qxf5 Nf6 27. Ne6 Qe7
28. N2f4 Bd7 29. Qg5+ Kh8 30. Rc7 Rg8 31. Qe5 Nc4 32. Rxd7 Nxe5 33. Rxe7 Nc6
34. Rf7 Ne4 35. Nxd5 Nd6 36. Rd7 Ne8 37. Ng5 Rg7 38. Rxg7 Kxg7 39. Ne4 Rd8 40.
Nf4 Nc7 41. d5 1-0

[Event "Andorra open"]
[Site "Escaldes"]
[Date "2018.07.27"]
[Round "7.24"]
[White "Librelato, Kathie Goulart"]
[Black "Romero Pallares, Daniel"]
[Result "1-0"]
[WhiteElo "2100"]
[BlackElo "2202"]
[PlyCount "115"]
[EventDate "2018.07.21"]
[EventType "swiss"]
[EventCountry "AND"]

1. e4 g6 2. d4 d6 3. Nf3 Bg7 4. Nc3 Nf6 5. Be2 O-O 6. O-O a6 7. Re1 Nc6 8. Bg5
Bg4 9. h3 Bxf3 10. Bxf3 Nd7 11. Nd5 h6 12. Be3 e6 13. Nc3 e5 14. dxe5 dxe5 15.
Qd2 Kh7 16. Nd5 Nd4 17. Bd1 c6 18. Nb4 Nc5 19. f3 Qh4 20. c3 Nde6 21. Be2 Rad8
22. Qc2 a5 23. Nd3 Nxd3 24. Bxd3 Nf4 25. Bf1 h5 26. Kh2 Ne6 27. Rad1 Bh6 28.
Bf2 Qf4+ 29. Kh1 Ng5 30. Bb6 Rxd1 31. Rxd1 Ne6 32. Rd7 g5 33. Bc4 Kg6 34. Qd2
Qf6 35. Be3 b5 36. Bb3 a4 37. Bxe6 fxe6 38. h4 Rg8 39. Kg1 Rg7 40. Rxg7+ Bxg7
41. Bxg5 Qf7 42. Qd8 Bf8 43. Qc8 c5 44. Qb8 b4 45. Qxe5 a3 46. bxa3 Bg7 47.
Qxc5 bxc3 48. e5 Qf5 49. Qxc3 Bxe5 50. Qb4 Kf7 51. Qe4 Ke8 52. Qxf5 exf5 53.
Kf2 Kd7 54. Ke3 Kc6 55. Kd3 Kb5 56. Be7 Bb2 57. a4+ Kxa4 58. Kc4 1-0

[Event "Andorra open"]
[Site "Escaldes"]
[Date "2018.07.27"]
[Round "7.25"]
[White "Laliena Solanes, Luis"]
[Black "Dubois, Pierre"]
[Result "1-0"]
[WhiteElo "2174"]
[BlackElo "2105"]
[PlyCount "63"]
[EventDate "2018.07.21"]
[EventType "swiss"]
[EventCountry "AND"]

1. d4 Nf6 2. Nf3 e6 3. e3 b6 4. Bd3 Bb7 5. O-O Be7 6. Nbd2 d5 7. b3 Nbd7 8. Bb2
O-O 9. Ne5 Ne4 10. Nxd7 Qxd7 11. f3 Nxd2 12. Qxd2 c5 13. dxc5 Bxc5 14. Qe2 Rad8
15. f4 f5 16. Bd4 Be7 17. a4 Bf6 18. a5 Qc7 19. Qd2 e5 20. fxe5 Bxe5 21. h3
Bxd4 22. exd4 f4 23. axb6 axb6 24. Rf3 Rd6 25. Rxf4 Rdf6 26. Rxf6 Rxf6 27. Re1
Bc8 28. Re8+ Kf7 29. Re5 Be6 30. Qe2 Qc3 31. Qe3 Kf8 32. Rxe6 1-0

[Event "Andorra open"]
[Site "Escaldes"]
[Date "2018.07.28"]
[Round "8.1"]
[White "Del Rio De Angelis, Salvador G"]
[Black "Admiraal, Miguoel"]
[Result "1/2-1/2"]
[WhiteElo "2525"]
[BlackElo "2479"]
[PlyCount "73"]
[EventDate "2018.07.21"]
[EventType "swiss"]
[EventCountry "AND"]

1. d4 d5 2. c4 c6 3. Nf3 Nf6 4. Nc3 e6 5. Bg5 Nbd7 6. e3 Qa5 7. cxd5 Nxd5 8.
Qd2 Bb4 9. Rc1 h6 10. Bh4 c5 11. Bd3 cxd4 12. exd4 b6 13. O-O Bb7 14. Bb5 Qxb5
15. Nxb5 Bxd2 16. Nd6+ Kf8 17. Nxd2 Ba6 18. N2c4 Bxc4 19. Nxc4 g5 20. Bg3 Kg7
21. Nd6 Rhd8 22. f4 f5 23. fxg5 hxg5 24. Nxf5+ exf5 25. Rxf5 N7f6 26. Rxg5+ Kh6
27. Rf5 Rac8 28. Rcf1 Ne4 29. Be5 Rc2 30. Re1 Nd6 31. Rf3 Nc4 32. Rh3+ Kg6 33.
Rg3+ Kf5 34. Rf3+ Kg6 35. Rg3+ Kf5 36. Rf3+ Kg6 37. Rg3+ 1/2-1/2

[Event "Andorra open"]
[Site "Escaldes"]
[Date "2018.07.28"]
[Round "8.2"]
[White "Arizmendi Martinez, Julen Luis"]
[Black "Fedorchuk, Sergey A"]
[Result "1/2-1/2"]
[WhiteElo "2507"]
[BlackElo "2626"]
[PlyCount "48"]
[EventDate "2018.07.21"]
[EventType "swiss"]
[EventCountry "AND"]

1. e4 c5 2. Nf3 d6 3. d4 cxd4 4. Nxd4 Nf6 5. Nc3 a6 6. f3 e6 7. Be3 h5 8. a4 b6
9. Bc4 Qc7 10. Ba2 Bd7 11. Qd3 Qb7 12. f4 Be7 13. f5 e5 14. Nf3 Bc6 15. Ng5 O-O
16. b4 b5 17. a5 Nbd7 18. h3 Rac8 19. O-O Qc7 20. Bd2 Ba8 21. Rac1 Qa7+ 22. Be3
Qc7 23. Bd2 Qa7+ 24. Be3 Qc7 1/2-1/2

[Event "Andorra open"]
[Site "Escaldes"]
[Date "2018.07.28"]
[Round "8.3"]
[White "Lagarde, Maxime"]
[Black "Ruiz Castillo, Joshua Daniel"]
[Result "1-0"]
[WhiteElo "2615"]
[BlackElo "2410"]
[PlyCount "61"]
[EventDate "2018.07.21"]
[EventType "swiss"]
[EventCountry "AND"]

1. e4 e6 2. d4 d5 3. Nd2 c5 4. exd5 Qxd5 5. Ngf3 cxd4 6. Bc4 Qd6 7. O-O Nc6 8.
Nb3 a6 9. a4 Nf6 10. Nbxd4 Nxd4 11. Nxd4 Qc7 12. Bd3 Bc5 13. Nf3 O-O 14. Qe2 b6
15. Ne5 Bb7 16. Bf4 Qe7 17. Rad1 Rfd8 18. c3 a5 19. Bg5 Qc7 20. Rde1 Bd5 21.
Kh1 Be7 22. f4 h6 23. Bh4 Ne8 24. Bg3 Nd6 25. c4 Bb7 26. f5 f6 27. fxe6 fxe5
28. Bxe5 Qc6 29. Qg4 Bg5 30. e7 Re8 31. Qe6+ 1-0

[Event "Andorra open"]
[Site "Escaldes"]
[Date "2018.07.28"]
[Round "8.4"]
[White "Repka, Christopher"]
[Black "Demuth, Adrien"]
[Result "1/2-1/2"]
[WhiteElo "2519"]
[BlackElo "2524"]
[PlyCount "68"]
[EventDate "2018.07.21"]
[EventType "swiss"]
[EventCountry "AND"]

1. c4 e5 2. Nc3 Nf6 3. Nf3 Nc6 4. g3 d5 5. cxd5 Nxd5 6. Bg2 Nb6 7. O-O Be7 8.
d3 O-O 9. Be3 Re8 10. Rc1 Bf8 11. Ne4 Nd4 12. Nc5 Bxc5 13. Rxc5 Bg4 14. Bxd4
exd4 15. Qc1 c6 16. Qf4 Qd7 17. Rg5 Bxf3 18. Bxf3 Rad8 19. Rc1 Qd6 20. Qxd6
Rxd6 21. Ra5 a6 22. Ra3 Re5 23. Rb3 Rb5 24. Rxb5 axb5 25. b3 Kf8 26. Ra1 Na8
27. Kf1 Nc7 28. b4 Ke7 29. Ke1 Rd8 30. Kd2 Ra8 31. Kc2 Ra4 32. a3 Kd6 33. Kb3
Ra8 34. Re1 Ke5 1/2-1/2